000 01087cam a22002774a 4500
999 _c129008
_d129008
001 11770264
003 ARRUPE
005 20190214102327.0
008 990817s2000 enk b 001 0 eng
010 _a 99045660
020 _a0631219048 (hb : alk. paper)
020 _a0631219056 (pbk. : alk. paper)
040 _aDLC
_cDLC
_dDLC
042 _apcc
050 0 0 _aBJ1031
_b.O34 2000
082 0 0 _a170
_221
100 1 _aOderberg, David S.
_941936
245 1 0 _aApplied ethics :
_ba non-consequentialist approach /
_cDavid S. Oderberg.
260 _aOxford ;
_aMalden, MA :
_bBlackwell Publishers,
_c2000.
300 _axiv, 248 p. ;
_c23 cm.
500 _aCompanion to: Moral theory.
504 _aIncludes bibliographical references (p. [228]-239) and index.
650 0 _aApplied ethics.
_938739
650 0 _aEthical problems.
_934747
906 _a7
_bcbc
_corignew
_d1
_eocip
_f19
_gy-gencatlg
942 _2lcc
_cMONOGRAPH